Other Shows of SNL Cast Members Quiz Stats

Quiz Updated Jul 12, 2016

Challenge
Share
Tweet
Score 0/24 Timer 07:00
3 Plays Today
% Correct
The Simpsons
98.2%
Seinfeld
96.1%
Parks and Recreation
95.1%
30 Rock
93.8%
2 Broke Girls
93.3%
Veep
90.6%
Community
76.2%
Brooklyn Nine-Nine
75.5%
3rd Rock from the Sun
70.8%
Portlandia
66.8%
Just Shoot Me!
62.7%
The New Adventures of Old Christine
57.4%
% Correct
According to Jim
55.1%
The Last Man on Earth
54.6%
NewsRadio
49.9%
Rules of Engagement
45.5%
Soap
40.5%
Kate & Allie
38%
Scream Queens
29.3%
Happy Endings
25.8%
Up All Night
16.9%
The Middle
15.7%
Trophy Wife
14%
Suburgatory
12.3%

You're not logged in!

Compare scores with friends on all Sporcle quizzes.
Join for Free
OR
Log In

You Might Also Like...

Show Comments

Extras

Top Quizzes Today


Score Distribution

Your Account Isn't Verified!

In order to create a playlist on Sporcle, you need to verify the email address you used during registration. Go to your Sporcle Settings to finish the process.

Report this User

Report this user for behavior that violates our Community Guidelines.

Details: